EL DESARROLLO LOCAL : UN DESAFIO CONTEMPORANEO /

Guardat en:
Dades bibliogràfiques
Autor principal: Arocena, José (autor)
Format: Llibre
Matèries:
Etiquetes: Afegir etiqueta
Sense etiquetes, Sigues el primer a etiquetar aquest registre!

MARC

LEADER 00000nam^a2200000^a^4500
001 000240386
005 20250521000000.0
009 20260310105131.267
020 |a 980-317-077-5 
035 |a 061548 
037 |a Acervo Xavier Clavigero 
082 |a 338. 9  |b ARO 
100 |a Arocena, José  |e (autor) 
245 1 3 |a EL DESARROLLO LOCAL :  |b UN DESAFIO CONTEMPORANEO /  |c JOSE AROCENA 
264 |a VENEZUELA :  |b NUEVA SOCIEDAD, CENTRO LATINOAMERICANO DE ECONOMIA HUMANA,UNIVERSIDAD CATOLICA DEL URUGUAY,  |c 1995 
300 |a 175 p. 
336 |a texto  |b txt  |2 rdacontenido 
337 |a sin mediación  |b n  |2 rdamedio 
338 |a volumen  |b nc  |2 rdasoporte 
649 |a XX 
650 |a Política -  |z Iberoamérica 
650 |a Desarrollo Económico-Social 
650 |a Educación y Promoción Popular 
910 |a Fondo General 
920 |a Impresos - Libros 
930 |a Colección General 
905 |a 101 
901 |a 061548  |b IT1  |c ACC  |i 061548  |u 20250521 
902 |a https://opac.biblio.iteso.mx/vufind/Record/000240386